[Event "Caracas FVA 80th Ann"]
[Site "Caracas"]
[Date "2015.12.17"]
[Round "4"]
[White "Bianco Diaz, Rogelio Jose"]
[Black "Osbah Herrera, Otto Argenis"]
[Result "0-1"]
[WhiteElo "1817"]
[BlackElo "2034"]
[PlyCount "106"]
[EventDate "2015.12.16"]
[EventType "swiss"]
[EventRounds "8"]
[EventCountry "VEN"]
[SourceTitle "EXT 2018"]
[Source "ChessBase"]
[SourceDate "2017.10.13"]
[SourceVersion "1"]
[SourceVersionDate "2017.10.13"]
[SourceQuality "1"]

1. d4 d5 2. f4 Nh6 3. Nf3 g6 4. e3 Bg7 5. Be2 Bg4 6. 0-0 Bxf3 7. Bxf3 f5 8. c4 c6 9. cxd5 cxd5 10. Qb3 e6 11. Qxb7 Nd7 12. b3 0-0 13. Ba3 Re8 14. Nd2 Rb8 15. Qa6 Qb6 16. Qe2 Rbc8 17. Rac1 Qa5 18. Nb1 Nf7 19. Rxc8 Rxc8 20. Rc1 Rxc1+ 21. Bxc1 Bf8 22. Qd2 Bb4 23. Qc2 Bf8 24. Bd2 Qb6 25. Kf2 Nf6 26. Be2 Qb7 27. Bf3 Nd6 28. Nc3 Qc6 29. Qc1 Be7 30. Na4 Nde4+ 31. Ke1 Qb7 32. Nc5 Qb6 33. Nxe4 dxe4 34. Be2 Kg7 35. h3 Nd5 36. Bc4 Nb4 37. Bxb4 Bxb4+ 38. Ke2 Qd6 39. a4 a5 40. Qd1 Qe7 41. g3 Kh6 42. h4 Qd6 43. Kf2 Kg7 44. Qe2 Qc6 45. g4 Be7 46. g5 h6 47. Qd2 Bb4 48. Qb2 Kh7 49. gxh6 Qd7 50. Kf1 Bf8 51. Qc3 Qe7 52. Qxa5 Qxh4 53. Qe1 Qh3+ 0-1

[Event "Caracas FVA 80th Ann"]
[Site "Caracas"]
[Date "2015.12.17"]
[Round "3"]
[White "Osbah Herrera, Otto Argenis"]
[Black "Uzcategui Rodriguez, Alejandro"]
[Result "0-1"]
[WhiteElo "2034"]
[BlackElo "2245"]
[PlyCount "23"]
[EventDate "2015.12.16"]
[EventType "swiss"]
[EventRounds "8"]
[EventCountry "VEN"]
[SourceTitle "EXT 2018"]
[Source "ChessBase"]
[SourceDate "2017.10.13"]
[SourceVersion "1"]
[SourceVersionDate "2017.10.13"]
[SourceQuality "1"]

1. d4 Nf6 2. c4 d6 3. Nc3 e5 4. dxe5 dxe5 5. Qxd8+ Kxd8 6. Bg5 c6 7. 0-0-0+ Kc7 8. Nf3 Nbd7 9. Bxf6 gxf6 10. e4 a5 11. Nh4 Nc5 12. Be2 0-1